A programmer's view of computer architecture : (Record no. 4278)
[ view plain ]
| 000 -LEADER | |
|---|---|
| fixed length control field | 01077nac a22002531u 4500 |
| 010 ## - LIBRARY OF CONGRESS CONTROL NUMBER | |
| LC control number | 94158377 |
| 020 ## - INTERNATIONAL STANDARD BOOK NUMBER | |
| International Standard Book Number | 0030972191 |
| 020 ## - INTERNATIONAL STANDARD BOOK NUMBER | |
| International Standard Book Number | 0030988160 |
| 035 ## - SYSTEM CONTROL NUMBER | |
| System control number | (OCoLC)28998314 |
| 082 00 - DEWEY DECIMAL CLASSIFICATION NUMBER | |
| Classification number | 004.22 |
| Item number | G6531 |
| 090 ## - LOCALLY ASSIGNED LC-TYPE CALL NUMBER (OCLC); LOCAL CALL NUMBER (OCLC) | |
| -- | 4278 |
| -- | 4278 |
| 100 ## - MAIN ENTRY--PERSONAL NAME | |
| Personal name | Goodman, James |
| 245 12 - TITLE STATEMENT | |
| Title | A programmer's view of computer architecture : |
| Remainder of title | with Assembly Language examples from the MIPS RISC architecture / |
| Statement of responsibility, etc | James Goodman, Karen Miller. |
| 260 ## - PUBLICATION, DISTRIBUTION, ETC. (IMPRINT) | |
| Place of publication, distribution, etc | Forth Worth, Tex. : |
| Name of publisher, distributor, etc | Saunders College Pub., |
| Date of publication, distribution, etc | c1992. |
| 300 ## - PHYSICAL DESCRIPTION | |
| Extent | xi, 402 p. : |
| Other physical details | ill. ; |
| Dimensions | 24 cm. |
| 500 ## - GENERAL NOTE | |
| General note | Includes index. |
| 650 #0 - SUBJECT ADDED ENTRY--TOPICAL TERM | |
| Topical term or geographic name as entry element | Computer architecture. |
| 650 #0 - SUBJECT ADDED ENTRY--TOPICAL TERM | |
| Topical term or geographic name as entry element | Reduced instruction set computers. |
| 700 1# - ADDED ENTRY--PERSONAL NAME | |
| Personal name | Miller, Karen, |
| Dates associated with a name | 1962- |
| 856 42 - ELECTRONIC LOCATION AND ACCESS | |
| Materials specified | Publisher description |
| Uniform Resource Identifier | <a href="http://www.loc.gov/catdir/enhancements/fy0636/94158377-d.html">http://www.loc.gov/catdir/enhancements/fy0636/94158377-d.html</a> |
| 856 42 - ELECTRONIC LOCATION AND ACCESS | |
| Materials specified | Table of contents only |
| Uniform Resource Identifier | <a href="http://www.loc.gov/catdir/enhancements/fy0636/94158377-t.html">http://www.loc.gov/catdir/enhancements/fy0636/94158377-t.html</a> |
| 942 ## - ADDED ENTRY ELEMENTS (KOHA) | |
| Item type | Book - Borrowing |
| Call number prefix | 004.22G6531 |
| Withdrawn status | Item status | Damaged status | Not for loan | Home library | Current library | Shelving location | Date acquired | Source of acquisition | Total Checkouts | Full call number | Barcode | Date last seen | Koha item type |
|---|---|---|---|---|---|---|---|---|---|---|---|---|---|
| Central Library | Central Library | Lower Floor | 02/09/2007 | Purchase | 004.22 GOO | 000005260 | 15/07/2025 | Book - Borrowing |